01650nab a22003017a 4500999001500000003000400015005001700019008004100036040001100077100003300088245015800121260007300279300001500352500003700367505032500404505009500729505008900824650002800913650003500941650003500976650002301011650002001034650005201054650005101106700003801157773014001195942001301335 c5304d5304OSt20250217205648.0190603e xxum|||| |||| 00| 0 spa d cPJ-TDF 94767aJáuregui, Rodolfo G.10aGuarda judicial y la aparente contradicción entre el art. 657 y el art. 702 inc. d) del Cód. Civ. y Com. /cRodolfo G. Jáuregui, Daniela N. Prado.  cCiudad Autónoma de Buenos Aires :aThomson Reuters La Ley, b2023. ap. 155-161 aCita: TR LALEY AR/DOC/1488/2023. aSumario: I. El caso.— II. La solución de la Sala.— III. La guarda, sus efectos y los diversos defectos en su regulación: una posible solución a la aparente contradicción entre el art. 657 y el art. 702 inc. d) del Cód. Civ. y Com.— IV. El carácter de la suspensión del ejercicio.— V. Conclusiones.  tFallo comentado: CCiv. y Com., Azul, sala I ~ 28/04/2023 ~ M., V. s/ guarda a parientes. t¿Te interesa el texto completo? Solicitalo al correo: koha@justierradelfuego.gov.ar 09967aDERECHO DE FAMILIA 091497aCODIGO CIVIL Y COMERCIAL 091015aRESPONSABILIDAD PARENTAL 095662aADOLESCENTES 096357aGUARDADOR 096355aSUSPENSION DE LA RESPONSABILIDAD PARENTAL 096356aPRIVACION DE LA RESPONSABILIDAD PARENTAL 96354aPrado, Daniela N. ecoautor0 0271393170dCiudad Autónoma de Buenos Aires : Thomson Reuters La Ley, 2015-tRevista Código Civil y Comercial. Nº 5 - Octubre 2023 2udccANA